[Event "European Club Cup"]
[Site "Rhodes GRE"]
[Date "2013.10.22"]
[EventDate "2013.10.20"]
[Round "3.1"]
[Result "1-0"]
[White "Maxime Vachier-Lagrave"]
[Black "Emil Davidovich Sutovsky"]
[WhiteElo "2742"]
[BlackElo "2657"]
[PlyCount "117"]

1. e4 c5 2. Nf3 Nc6 3. c3 Nf6 4. e5 Nd5 5. Bc4 Nb6 6. Bb3 d6
7. exd6 Qxd6 8. O-O Bf5 9. d4 e6 10. Na3 a6 11. Be3 cxd4
12. Nxd4 Nxd4 13. Bxd4 O-O-O 14. Qh5 Qc7 15. Bxb6 Qxb6
16. Qxf7 Bc5 17. Nc4 Qc7 18. Qxc7+ Kxc7 19. Rfd1 Bg4 20. Rxd8
Rxd8 21. Re1 b5 22. Re5 Ba7 23. Ne3 Bf5 24. Bxe6 Bxe3 25. fxe3
Rd1+ 26. Kf2 Bxe6 27. Rxe6 Rd2+ 28. Kf3 a5 29. Ra6 a4 30. c4
Rxb2 31. cxb5 Rxa2 32. h4 Kd8 33. Ra7 Rb2 34. Rxg7 Rxb5
35. Ra7 Rb4 36. Rxh7 a3 37. Ra7 Rxh4 38. Rxa3 Ke7 39. g4 Rh1
40. Kf4 Kf6 41. Ra6+ Kf7 42. e4 Rf1+ 43. Kg5 Rg1 44. e5 Rg2
45. e6+ Ke7 46. Kf5 Rf2+ 47. Kg6 Rg2 48. g5 Rg1 49. Kh6 Kf8
50. Ra7 Rh1+ 51. Kg6 Rg1 52. Ra5 Re1 53. Kf6 Rf1+ 54. Rf5 Ra1
55. g6 Ra7 56. Kg5+ Kg8 57. Rd5 Ra8 58. Kh6 Kf8 59. Rd7 1-0

[Event "European Club Cup"]
[Site "Rhodes GRE"]
[Date "2013.10.23"]
[EventDate "2013.10.20"]
[Round "4.3"]
[Result "1/2-1/2"]
[White "Maxime Vachier-Lagrave"]
[Black "Fabiano Caruana"]
[WhiteElo "2742"]
[BlackElo "2779"]
[PlyCount "81"]

1. d4 Nf6 2. c4 g6 3. Nc3 d5 4. cxd5 Nxd5 5. e4 Nxc3 6. bxc3
Bg7 7. Nf3 c5 8. Be3 Qa5 9. Qd2 Nc6 10. Rb1 a6 11. Rc1 cxd4
12. cxd4 Qxd2+ 13. Kxd2 e6 14. Bd3 O-O 15. Rc5 Rd8 16. Rb1
Nxd4 17. Nxd4 Bxd4 18. Bxd4 Rxd4 19. Ke3 Rd8 20. Rb6 Bd7
21. Rxb7 Bb5 22. Bc2 Rac8 23. Rbc7 Rxc7 24. Rxc7 Bf1 25. g4 g5
26. f3 Rb8 27. Bb3 h6 28. f4 gxf4+ 29. Kxf4 Rb4 30. Ke5 Bd3
31. Kf6 Rxe4 32. Rc8+ Kh7 33. Kxf7 Rxg4 34. Bxe6 Rf4+ 35. Ke7
Kg6 36. Rg8+ Kh5 37. Rg3 Bc4 38. Rh3+ Kg5 39. Rg3+ Kh5
40. Rh3+ Kg5 41. Rg3+ 1/2-1/2

[Event "European Club Cup"]
[Site "Rhodes GRE"]
[Date "2013.10.24"]
[EventDate "2013.10.20"]
[Round "5.8"]
[Result "0-1"]
[White "Bjorn Ahlander"]
[Black "Maxime Vachier-Lagrave"]
[WhiteElo "2442"]
[BlackElo "2742"]
[PlyCount "70"]

1. c4 e5 2. Nc3 Nf6 3. Nf3 Nc6 4. e3 Bb4 5. Qc2 Bxc3 6. Qxc3
Qe7 7. Be2 d5 8. cxd5 Nxd5 9. Qb3 Nb6 10. d3 O-O 11. O-O Rd8
12. Bd2 Bf5 13. Rfd1 Rd7 14. Be1 Rad8 15. a3 g5 16. Bb4 Qf6
17. d4 exd4 18. Nxd4 Nxd4 19. Rxd4 Rxd4 20. exd4 Nd5 21. Bd2
h6 22. Rd1 Qb6 23. Qf3 Bc2 24. Rc1 Bg6 25. Bc3 Nxc3 26. Qxc3
Rxd4 27. Qxc7 Qxb2 28. Bf3 Rd7 29. Qc8+ Kg7 30. Re1 Re7
31. Rd1 Qxa3 32. h4 gxh4 33. Kh2 Qb4 34. Qd8 Qc5 35. Qa8 Qxf2
0-1

[Event "European Club Cup"]
[Site "Rhodes GRE"]
[Date "2013.10.25"]
[EventDate "2013.10.20"]
[Round "6.6"]
[Result "1-0"]
[White "Maxime Vachier-Lagrave"]
[Black "Danny Raznikov"]
[WhiteElo "2742"]
[BlackElo "2486"]
[PlyCount "89"]

1. d4 d5 2. c4 c6 3. Nf3 Nf6 4. Nc3 dxc4 5. a4 Bf5 6. e3 e6
7. Bxc4 Bb4 8. O-O Nbd7 9. Qe2 O-O 10. e4 Bg6 11. Bd3 Bh5
12. e5 Nd5 13. Nxd5 cxd5 14. Qe3 Re8 15. Ng5 Bg6 16. Bxg6 fxg6
17. a5 Nf8 18. Qb3 Be7 19. Nf3 Qd7 20. Bd2 Rac8 21. h4 Rc4
22. g3 Rec8 23. Kg2 Qc6 24. Rh1 Rc7 25. Bc3 Qe8 26. Nd2 R4c6
27. Nf1 g5 28. h5 h6 29. Ne3 Qc8 30. Qd1 b5 31. axb6 axb6
32. Qe2 Qb7 33. Ra2 b5 34. Rha1 b4 35. Bd2 Qb6 36. Qd3 Rc8
37. Ra6 Qb8 38. Ra7 R6c7 39. R7a5 Rb7 40. b3 Bd8 41. Ra6 Kh8
42. Qe2 Bb6 43. Bxb4 Bxd4 44. Bd6 Rbc7 45. R1a4 1-0

[Event "European Club Cup"]
[Site "Rhodes GRE"]
[Date "2013.10.26"]
[EventDate "2013.10.20"]
[Round "7.4"]
[Result "0-1"]
[White "Dragan Solak"]
[Black "Maxime Vachier-Lagrave"]
[WhiteElo "2611"]
[BlackElo "2742"]
[PlyCount "122"]

1. e4 c5 2. Nf3 d6 3. d4 cxd4 4. Nxd4 Nf6 5. Nc3 a6 6. Bg5 e6
7. f4 h6 8. Bh4 Qb6 9. a3 Be7 10. Bf2 Qc7 11. Qf3 Nbd7 12. Bd3
b5 13. O-O Bb7 14. Qh3 O-O 15. Rae1 Rfe8 16. Kh1 Nc5 17. Bh4
Nxd3 18. cxd3 Qc5 19. Bf2 Qh5 20. Qf3 Rac8 21. h3 Qxf3
22. gxf3 Nh5 23. Nce2 e5 24. fxe5 dxe5 25. Nf5 Rc2 26. b4 Bf8
27. d4 g6 28. Ne3 Ra2 29. Ng4 exd4 30. Bxd4 f5 31. Nc3 fxg4
32. Nxa2 Ng3+ 33. Kg2 Nxf1 34. Kxf1 gxf3 35. Nc3 Rd8 36. Rd1
Bg7 37. Bxg7 Rxd1+ 38. Nxd1 Kxg7 39. Nc3 g5 40. Kf2 Bc8 41. h4
gxh4 42. Kxf3 Kf6 43. Kf4 h3 44. Nd1 h5 45. Nf2 h2 46. Kg3 Ke5
47. Kxh2 Kf4 48. Nd3+ Kxe4 49. Nc5+ Kd4 50. Kg3 Kc4 51. Kh4 a5
52. Kxh5 a4 53. Kg5 Kc3 54. Kf4 Kb2 55. Ke3 Kxa3 56. Kd2 Kb2
57. Nd3+ Kb1 58. Kc3 a3 59. Nc5 a2 60. Kb3 a1=Q 61. Nd7 Qb2#
0-1

[Event "Bundesliga 2013/14"]
[Site "Muelheim GER"]
[Date "2013.11.23"]
[EventDate "2013.10.12"]
[Round "3"]
[Result "1/2-1/2"]
[White "Dariusz Swiercz"]
[Black "Maxime Vachier-Lagrave"]
[WhiteElo "2636"]
[BlackElo "2742"]
[PlyCount "53"]

1. c4 Nf6 2. Nc3 e5 3. Nf3 Nc6 4. g3 g6 5. Bg2 Bg7 6. O-O O-O
7. d3 d6 8. Rb1 a5 9. a3 Nd4 10. b4 axb4 11. axb4 Re8 12. Re1
c6 13. b5 Bg4 14. bxc6 bxc6 15. Nxd4 exd4 16. Ne4 Nxe4
17. Bxe4 Qd7 18. Bf4 h6 19. h4 Kh7 20. Qb3 Re7 21. Qb4 Rd8
22. Qa4 d5 23. cxd5 cxd5 24. Qxd7 Rdxd7 25. Bf3 Bxf3 26. exf3
Rxe1+ 27. Rxe1 1/2-1/2

[Event "SportAccord World Mind Games (Men, Rapid)"]
[Site "Beijing CHN"]
[Date "2013.12.12"]
[EventDate "2013.12.12"]
[Round "2.7"]
[Result "1/2-1/2"]
[White "Maxime Vachier-Lagrave"]
[Black "Leinier Dominguez Perez"]
[WhiteElo "2745"]
[BlackElo "2754"]
[PlyCount "101"]

1. e4 c5 2. Ne2 Nf6 3. Nbc3 d6 4. g3 Nc6 5. Bg2 g6 6. d3 Bg7
7. O-O Rb8 8. h3 O-O 9. Be3 b5 10. Qd2 b4 11. Nd1 Nd7 12. Bh6
Bxh6 13. Qxh6 Nd4 14. Qd2 e5 15. Ne3 Nf6 16. Kh2 Nh5 17. Nxd4
cxd4 18. Nc4 Be6 19. b3 Ng7 20. a3 a5 21. axb4 axb4 22. Ra4
Bxc4 23. dxc4 Ne6 24. Rfa1 Qb6 25. Ra6 Qc7 26. Ra7 Rb7
27. Rxb7 Qxb7 28. Ra5 Nc5 29. f4 f6 30. h4 Qb6 31. Rb5 Qa7
32. f5 Kg7 33. Qxb4 Qa2 34. Rb6 Qxc2 35. Rxd6 Nd3 36. Rd7+ Rf7
37. Rxf7+ Kxf7 38. Qb7+ Kg8 39. Qc8+ Kg7 40. Qd7+ Kg8 41. Qe8+
Kg7 42. Qe7+ Kg8 43. fxg6 hxg6 44. Qe8+ Kg7 45. Qe7+ Kg8
46. Qxf6 Ne1 47. Qxg6+ Kh8 48. Qh6+ Kg8 49. Qg6+ Kh8 50. Qh6+
Kg8 51. Qg6+ 1/2-1/2

[Event "SportAccord World Mind Games (Men, Rapid)"]
[Site "Beijing CHN"]
[Date "2013.12.12"]
[EventDate "2013.12.12"]
[Round "3.5"]
[Result "1/2-1/2"]
[White "Gata Kamsky"]
[Black "Maxime Vachier-Lagrave"]
[WhiteElo "2721"]
[BlackElo "2745"]
[PlyCount "174"]

1. e4 c5 2. Nf3 d6 3. d4 cxd4 4. Nxd4 Nf6 5. Nc3 a6 6. Be3 Ng4
7. Bg5 h6 8. Bh4 g5 9. Bg3 Bg7 10. Be2 h5 11. Bxg4 hxg4
12. Nd5 Nc6 13. Nf5 Bxf5 14. exf5 Bxb2 15. Rb1 Qa5+ 16. Qd2
Bf6 17. Rxb7 O-O 18. Qxa5 Nxa5 19. Rb4 Rab8 20. Rxb8 Rxb8
21. Nxf6+ Kg7 22. Nh5+ Kh6 23. Kd2 Kxh5 24. Re1 Nc6 25. Re4
Rb5 26. Rc4 Na5 27. Rc7 Rxf5 28. Rxe7 Rd5+ 29. Ke1 f5 30. f3
gxf3 31. gxf3 Nc6 32. Rh7+ Kg6 33. Rc7 Nd4 34. Rc3 Rc5 35. Rd3
Nxc2+ 36. Kd2 Nb4 37. Rxd6+ Kh5 38. a3 Nc6 39. f4 gxf4
40. Bxf4 Kg4 41. Be3 Rc4 42. Rg6+ Kf3 43. Rf6 Ke4 44. Re6+ Ne5
45. Bh6 Kd5 46. Rxa6 f4 47. Rb6 Rd4+ 48. Ke2 f3+ 49. Kf2 Rh4
50. Rb5+ Ke6 51. Be3 Rxh2+ 52. Kg3 Rg2+ 53. Kh3 Rg8 54. a4 Nd3
55. Rb3 f2 56. Bxf2 Nxf2+ 57. Kh2 Ke5 58. a5 Ra8 59. Ra3 Ra6
60. Kg2 Ne4 61. Kf3 Nd2+ 62. Ke2 Nc4 63. Ra4 Kd4 64. Ra1 Kc3
65. Kf3 Kb2 66. Ra4 Kb3 67. Ra1 Na3 68. Ke4 Rxa5 69. Rd1 Nb5
70. Rd8 Ra1 71. Rb8 Kc4 72. Rc8+ Kb4 73. Rc6 Rd1 74. Ke5 Na3
75. Ke4 Nc4 76. Rh6 Nd6+ 77. Kf3 Kc3 78. Rh7 Kd4 79. Rd7 Rf1+
80. Ke2 Rf6 81. Rd8 Kc3 82. Rd7 Re6+ 83. Kf3 Kd3 84. Kf4 Kd4
85. Kf3 Kd3 86. Kf4 Kd4 87. Kf3 Kd3 1/2-1/2

[Event "SportAccord World Mind Games (Men, Rapid)"]
[Site "Beijing CHN"]
[Date "2013.12.13"]
[EventDate "2013.12.4"]
[Round "5.6"]
[Result "0-1"]
[White "Vassily Ivanchuk"]
[Black "Maxime Vachier-Lagrave"]
[WhiteElo "2731"]
[BlackElo "2745"]
[PlyCount "72"]

1. c4 e5 2. g3 Nf6 3. Bg2 c6 4. Nf3 e4 5. Nd4 d5 6. cxd5 Qxd5
7. Nc2 Qh5 8. h4 Bc5 9. Nc3 Qg6 10. b4 Bb6 11. h5 Qf5 12. Ne3
Qe5 13. Bb2 O-O 14. Qc2 Bd4 15. Nc4 Qf5 16. e3 Bxc3 17. Qxc3
Rd8 18. Rh4 Qg5 19. h6 Bf5 20. hxg7 Nd5 21. Qb3 Qe7 22. Ne5
Nd7 23. Bxe4 Nxe5 24. Bxf5 Nf3+ 25. Ke2 Nxh4 26. gxh4 Qxh4
27. Rg1 Rd6 28. Qd1 Rh6 29. a3 Re8 30. Qc2 Qh5+ 31. Kf1 Ne7
32. Be4 Ng6 33. Rh1 Qb5+ 34. Kg1 Rxh1+ 35. Bxh1 Qe2 36. Be4
Qg4+ 0-1

[Event "SportAccord World Mind Games (Men, Rapid)"]
[Site "Beijing CHN"]
[Date "2013.12.13"]
[EventDate "2013.12.4"]
[Round "6.6"]
[Result "1-0"]
[White "Teimour Radjabov"]
[Black "Maxime Vachier-Lagrave"]
[WhiteElo "2713"]
[BlackElo "2745"]
[PlyCount "75"]

1. d4 d5 2. c4 c6 3. cxd5 cxd5 4. Bf4 Nc6 5. Nc3 Nf6 6. e3 Bf5
7. Qb3 Na5 8. Qa4+ Bd7 9. Bb5 e6 10. Bg5 Nc6 11. Nf3 a6
12. Bxc6 Bxc6 13. Qb3 Be7 14. Ne5 O-O 15. O-O Nd7 16. Bxe7
Qxe7 17. Nxc6 bxc6 18. Na4 Rab8 19. Qc3 Rfc8 20. Rac1 h5
21. b3 h4 22. h3 Rb5 23. Rc2 e5 24. Rfc1 e4 25. Qd2 Qd6
26. Rc3 g5 27. Qc2 Nb8 28. Qe2 Qg6 29. Nc5 Kg7 30. f3 exf3
31. Qxf3 Re8 32. Rf1 Re7 33. Qg4 Rxc5 34. dxc5 Nd7 35. Qf5
Qxf5 36. Rxf5 Kg6 37. Rf1 Re4 38. Rd1 1-0

[Event "SportAccord World Mind Games (Men, Basque)"]
[Site "Beijing CHN"]
[Date "2013.12.17"]
[EventDate "2013.12.17"]
[Round "1.1"]
[Result "0-1"]
[White "Maxime Vachier-Lagrave"]
[Black "Ruslan Ponomariov"]
[WhiteElo "2745"]
[BlackElo "2731"]
[PlyCount "67"]

1. c4 f5 2. d4 Nf6 3. Nc3 d6 4. g3 g6 5. Bg2 Bg7 6. Nf3 O-O
7. O-O c6 8. Re1 Ne4 9. Qc2 Nxc3 10. bxc3 e5 11. e4 fxe4
12. Qxe4 Bf5 13. Qe3 Nd7 14. Ba3 Nb6 15. Qe2 Re8 16. dxe5 dxe5
17. Rad1 Qc8 18. Ng5 Bg4 19. f3 Be6 20. Rd6 Bxc4 21. Qe4 Qf5
22. Qh4 h6 23. Ne4 g5 24. Qh3 Qxh3 25. Bxh3 Bd5 26. Bc5 Bxe4
27. fxe4 Bf8 28. Rg6+ Kf7 29. Bxf8 Kxg6 30. Bf5+ Kf6 31. Bc5
Na4 32. Ba3 Nxc3 33. Rf1 Kg7 34. Bg4 0-1

[Event "SportAccord World Mind Games (Men, Basque)"]
[Site "Beijing CHN"]
[Date "2013.12.17"]
[EventDate "2013.12.17"]
[Round "1.2"]
[Result "1/2-1/2"]
[White "Ruslan Ponomariov"]
[Black "Maxime Vachier-Lagrave"]
[WhiteElo "2731"]
[BlackElo "2745"]
[PlyCount "105"]

1. e4 c5 2. Nf3 e6 3. Nc3 a6 4. d4 cxd4 5. Nxd4 b5 6. Bd3 Qb6
7. Nb3 Qc7 8. O-O Nf6 9. Qe2 d6 10. Bd2 Nc6 11. a4 b4 12. Na2
Qb7 13. Rab1 Be7 14. c3 bxc3 15. bxc3 Ne5 16. Bc2 Qc7 17. a5
Bd7 18. Nd4 Qc4 19. Nb4 Qxe2 20. Nxe2 Bb5 21. Rfe1 Nc4 22. Bc1
Nxa5 23. Nd4 O-O 24. Ra1 Bd8 25. Bg5 Bb6 26. Bxf6 gxf6
27. Nxb5 axb5 28. Bd3 Nc4 29. g3 Rfc8 30. Kg2 Kg7 31. Nc2 Rxa1
32. Rxa1 Ne5 33. Bxb5 Rxc3 34. Ne1 Rb3 35. Be2 Rb2 36. Kf1 Ng4
37. Nd3 Nxh2+ 38. Ke1 Rb3 39. Kd2 Bxf2 40. Nxf2 Rxg3 41. Ra6
d5 42. exd5 exd5 43. Rd6 Rg5 44. Nd3 h5 45. Nf4 Ng4 46. Nxh5+
Rxh5 47. Bxg4 Re5 48. Bf3 Kf8 49. Rxd5 Rxd5+ 50. Bxd5 f5
51. Ke3 f4+ 52. Kxf4 f5 53. Kxf5 1/2-1/2

[Event "SportAccord World Mind Games (Men, Basque)"]
[Site "Beijing CHN"]
[Date "2013.12.17"]
[EventDate "2013.12.17"]
[Round "2.1"]
[Result "1/2-1/2"]
[White "Wang Yue"]
[Black "Maxime Vachier-Lagrave"]
[WhiteElo "2723"]
[BlackElo "2745"]
[PlyCount "118"]

1. c4 e5 2. Nc3 Nf6 3. Nf3 Nc6 4. g3 d5 5. cxd5 Nxd5 6. Bg2
Nb6 7. O-O Be7 8. d3 O-O 9. Be3 Re8 10. Rc1 Bf8 11. Ne4 Nd4
12. Nc5 c6 13. Bxd4 exd4 14. Qd2 Bxc5 15. Rxc5 Qd6 16. Rc2 Be6
17. Qa5 Bd5 18. b4 Nd7 19. Ng5 Bxg2 20. Kxg2 Re5 21. Ne4 Qe7
22. Qc7 Rxe4 23. dxe4 Qxe4+ 24. Kg1 Qxc2 25. Qxd7 Qxe2
26. Qxd4 Qe7 27. Rd1 a6 28. a4 h6 29. Qd6 Re8 30. Qd7 Qe2
31. h4 h5 32. Rd4 g6 33. Rf4 Re7 34. Qd8+ Kg7 35. Kg2 Qe5
36. a5 Re8 37. Qd7 Re7 38. Qd8 Qe6 39. Qd4+ Kh7 40. Rf6 Qd7
41. Rd6 Qg4 42. Qf6 Qe4+ 43. Kh2 Qe5 44. Qxe5 Rxe5 45. Rd7 Rb5
46. Rxf7+ Kg8 47. Rf4 c5 48. bxc5 Rxc5 49. Rd4 Rxa5 50. Rd8+
Kf7 51. Rd7+ Ke6 52. Rxb7 Rb5 53. Ra7 Rb6 54. f3 Kf6 55. g4
hxg4 56. fxg4 Rb2+ 57. Kg3 Rb3+ 58. Kg2 Rb2+ 59. Kg3 Rb3+
1/2-1/2

[Event "SportAccord World Mind Games (Men, Basque)"]
[Site "Beijing CHN"]
[Date "2013.12.17"]
[EventDate "2013.12.17"]
[Round "2.2"]
[Result "0-1"]
[White "Maxime Vachier-Lagrave"]
[Black "Wang Yue"]
[WhiteElo "2745"]
[BlackElo "2723"]
[PlyCount "130"]

1. e4 e5 2. Nf3 Nf6 3. Nxe5 d6 4. Nf3 Nxe4 5. Nc3 Nxc3 6. dxc3
Nc6 7. Be3 Be6 8. Ng5 Bf5 9. Qd5 Qd7 10. Bc4 Bg6 11. O-O-O h6
12. Nf3 Be7 13. Rhe1 O-O 14. h3 Rae8 15. g4 Bf6 16. Qd2 Na5
17. Bd3 Qa4 18. Kb1 Nc4 19. Bxc4 Qxc4 20. Nd4 Re7 21. f4 Be4
22. b3 Qa6 23. g5 Bxd4 24. Bxd4 Rfe8 25. gxh6 Bxc2+ 26. Kxc2
Re2 27. Kb1 R8e4 28. Rxe2 Rxe2 29. Bxg7 Rxd2 30. Rxd2 Qf1+
31. Kc2 Kh7 32. Rd4 Qxh3 33. Kb2 Qg2+ 34. Kb1 Qe2 35. a4 a5
36. c4 Kg6 37. Kc1 f6 38. f5+ Kf7 39. Rd5 b6 40. Kb1 Qg2
41. Kc1 Qh2 42. Kb1 Qf2 43. Kc1 Qg2 44. Kb1 Qf2 45. Kc1 Qh2
46. Kb1 c6 47. Rd3 Qe5 48. Kc1 Qf4+ 49. Rd2 d5 50. cxd5 cxd5
51. Kd1 d4 52. Rd3 Qg4+ 53. Kd2 Qe4 54. Kc2 Qxf5 55. Kd2 Qe4
56. Kc2 Ke6 57. Kd2 Ke5 58. Kc2 Qc6+ 59. Kb2 Qg2+ 60. Kc1 Ke4
61. Rd2 Qh3 62. Re2+ Kd3 63. Rc2 Ke3 64. Kb2 d3 65. Rc3 Ke2
0-1

[Event "SportAccord World Mind Games (Men, Basque)"]
[Site "Beijing CHN"]
[Date "2013.12.17"]
[EventDate "2013.12.17"]
[Round "3.1"]
[Result "1/2-1/2"]
[White "Vassily Ivanchuk"]
[Black "Maxime Vachier-Lagrave"]
[WhiteElo "2731"]
[BlackElo "2745"]
[PlyCount "136"]

1. b3 e5 2. Bb2 Nc6 3. e3 Nf6 4. Bb5 Bd6 5. Na3 e4 6. Nc4 Be7
7. Bxc6 dxc6 8. Ne2 O-O 9. O-O Re8 10. f3 exf3 11. Rxf3 Be6
12. Qe1 Ne4 13. d3 Bh4 14. Qf1 Bxc4 15. bxc4 Nd2 16. Rxf7 Re7
17. Rxe7 Qxe7 18. Qf4 Rf8 19. Qg4 Qxe3+ 20. Kh1 Bf6 21. Bxf6
Rxf6 22. Ng3 g6 23. Rd1 Qe5 24. c5 h5 25. d4 Qe1+ 26. Rxe1
hxg4 27. Kg1 Kf8 28. Re2 Nc4 29. Ne4 Rf5 30. c3 b6 31. cxb6
cxb6 32. Nf2 Rg5 33. Re6 c5 34. Ne4 Rf5 35. dxc5 bxc5 36. Rxg6
Ne3 37. Rf6+ Rxf6 38. Nxf6 Ke7 39. Ne4 c4 40. Kf2 Nd5 41. Kg3
Ne3 42. Nf2 Ke6 43. Nxg4 Nd5 44. a3 Nxc3 45. Ne3 Ne4+ 46. Kf4
Nd6 47. h4 c3 48. h5 Ne8 49. g4 Nf6 50. h6 Kf7 51. g5 Nh7
52. Kf5 Nf8 53. a4 a5 54. Nc2 Ng6 55. Nd4 Nf8 56. Ke4 Kg6
57. Kd3 Kxg5 58. Kxc3 Kxh6 59. Kc4 Kg5 60. Kb5 Kf6 61. Kxa5
Ke5 62. Nb3 Kd6 63. Kb6 Kd7 64. Nc5+ Kc8 65. a5 Kb8 66. Nd3
Nd7+ 67. Kc6 Ka7 68. Kxd7 Ka6 1/2-1/2

[Event "SportAccord World Mind Games (Men, Basque)"]
[Site "Beijing CHN"]
[Date "2013.12.17"]
[EventDate "2013.12.17"]
[Round "3.2"]
[Result "0-1"]
[White "Maxime Vachier-Lagrave"]
[Black "Vassily Ivanchuk"]
[WhiteElo "2745"]
[BlackElo "2731"]
[PlyCount "45"]

1. b3 b6 2. Bb2 Bb7 3. d3 e6 4. e4 d5 5. Nd2 Nf6 6. Qe2 c5
7. g3 Nc6 8. Bg2 Be7 9. Ngf3 Nb4 10. O-O Nxc2 11. Rac1 Nb4
12. Rfd1 Nxa2 13. Ra1 Nb4 14. e5 Nd7 15. d4 a5 16. Nf1 Ba6
17. Qd2 Nb8 18. h4 N8c6 19. h5 h6 20. Ne3 Bd3 21. dxc5 Bxc5
22. Nh2 Qg5 23. Rac1 0-1

[Event "SportAccord World Mind Games (Men, Basque)"]
[Site "Beijing CHN"]
[Date "2013.12.18"]
[EventDate "2013.12.17"]
[Round "4.1"]
[Result "1/2-1/2"]
[White "Maxime Vachier-Lagrave"]
[Black "Peter Leko"]
[WhiteElo "2745"]
[BlackElo "2730"]
[PlyCount "109"]

1. Nf3 Nf6 2. g3 b5 3. Bg2 Bb7 4. d3 e6 5. O-O c5 6. e4 d6
7. Re1 Be7 8. c3 O-O 9. a4 b4 10. cxb4 cxb4 11. h3 Nc6 12. Be3
Na5 13. Nbd2 Nd7 14. Nd4 Nc5 15. N2b3 Rc8 16. Nxa5 Qxa5
17. Nb3 Qc7 18. a5 Ba6 19. d4 Nxb3 20. Qxb3 Qc4 21. Qxc4 Bxc4
22. Bd2 b3 23. Ra4 Rc7 24. Bf1 Rfc8 25. Bxc4 Rxc4 26. Rxc4
Rxc4 27. Bc3 Ra4 28. Kf1 Bd8 29. Re3 Kf8 30. Ke2 Ke7 31. Bd2
Bxa5 32. Bxa5 Rxa5 33. Rxb3 g5 34. Rb7+ Kf6 35. g4 Ra1 36. f3
a5 37. Rb6 Rb1 38. Rxd6 Rxb2+ 39. Ke3 Rb3+ 40. Kf2 a4 41. Ra6
a3 42. Ra7 Rb2+ 43. Kg3 a2 44. h4 h6 45. h5 Rd2 46. Kh3 Kg7
47. Ra8 Kf6 48. Ra7 Rxd4 49. Rxa2 Rd3 50. Kg3 Kg7 51. Ra7 Rc3
52. Kf2 Kf6 53. Kg3 Kg7 54. Kf2 Kf6 55. Kg3 1/2-1/2

[Event "SportAccord World Mind Games (Men, Basque)"]
[Site "Beijing CHN"]
[Date "2013.12.18"]
[EventDate "2013.12.17"]
[Round "4.2"]
[Result "1/2-1/2"]
[White "Peter Leko"]
[Black "Maxime Vachier-Lagrave"]
[WhiteElo "2730"]
[BlackElo "2745"]
[PlyCount "110"]

1. e4 c5 2. Nf3 d6 3. d4 cxd4 4. Nxd4 Nf6 5. Nc3 a6 6. Be3 Ng4
7. Bc1 Nf6 8. h3 Nc6 9. Be3 Nxd4 10. Qxd4 e5 11. Qa4+ Bd7
12. Qb3 b5 13. Bg5 Qa5 14. Bd2 Qc7 15. a4 b4 16. Nd5 Nxd5
17. Qxd5 Bc6 18. Qc4 Qb7 19. Qxb4 Bxe4 20. Qxb7 Bxb7 21. O-O-O
Be7 22. f3 f6 23. Bc4 d5 24. Bb3 O-O-O 25. Rhe1 Rd7 26. f4 e4
27. Be3 Kb8 28. c3 Rc8 29. Rd2 f5 30. Red1 Bc5 31. Bd4 Bxd4
32. Rxd4 Rc5 33. Kd2 a5 34. Ke3 Bc6 35. R1d2 Kc7 36. g4 g6
37. Rg2 Kd6 38. gxf5 gxf5 39. Ba2 Rb7 40. h4 Be8 41. Rgd2 Bf7
42. Rg2 Rb8 43. Rdd2 Be6 44. Rg7 Rcc8 45. Kd4 Rg8 46. Ra7 Rb6
47. Rxa5 Rg4 48. Bxd5 Rxf4 49. Bxe6 Kxe6 50. Kc5 Rb7 51. Ra6+
Kf7 52. Rh6 Kg7 53. Re6 Kf7 54. Rh6 Kg7 55. Re6 Kf7 1/2-1/2

[Event "SportAccord World Mind Games (Men, Basque)"]
[Site "Beijing CHN"]
[Date "2013.12.18"]
[EventDate "2013.12.17"]
[Round "5.1"]
[Result "0-1"]
[White "Maxime Vachier-Lagrave"]
[Black "Anish Giri"]
[WhiteElo "2745"]
[BlackElo "2734"]
[PlyCount "106"]

1. Nf3 Nf6 2. g3 d5 3. Bg2 c6 4. c4 dxc4 5. O-O Nbd7 6. Na3
Nb6 7. Ne5 Qd4 8. Nexc4 Nxc4 9. Qa4 Bd7 10. Qxc4 Qxc4 11. Nxc4
g6 12. b4 Bg7 13. Bb2 O-O 14. Na5 Bc8 15. a4 Rd8 16. Rfd1 Nd5
17. Bxg7 Kxg7 18. b5 cxb5 19. axb5 a6 20. Rab1 axb5 21. Rxb5
Nc3 22. Nxb7 Nxd1 23. Nxd8 Ra1 24. h3 Nc3+ 25. Kh2 Nxb5
26. Nc6 Kf8 27. Be4 Bb7 28. f3 Re1 29. Kg2 Rxe2+ 30. Kf1 Rxe4
31. fxe4 Bxc6 32. d3 e5 33. Kf2 Nd4 34. Ke3 h5 35. g4 hxg4
36. hxg4 g5 37. Kf2 Ke7 38. Ke3 Kd6 39. Kf2 Kc5 40. Ke3 Bd7
41. Kf2 Bxg4 42. Ke3 Kb4 43. Kf2 Kc3 44. Ke3 Bf3 45. Kf2 Kxd3
46. Kg3 Ke3 47. Kh3 Kf2 48. Kh2 f5 49. exf5 g4 50. f6 g3+
51. Kh3 g2 52. f7 g1=Q 53. f8=Q Qh1# 0-1

[Event "SportAccord World Mind Games (Men, Basque)"]
[Site "Beijing CHN"]
[Date "2013.12.18"]
[EventDate "2013.12.17"]
[Round "5.2"]
[Result "0-1"]
[White "Anish Giri"]
[Black "Maxime Vachier-Lagrave"]
[WhiteElo "2734"]
[BlackElo "2745"]
[PlyCount "138"]

1. c4 g6 2. Nc3 c5 3. Nf3 Bg7 4. d4 cxd4 5. Nxd4 Nc6 6. Nc2
Bxc3+ 7. bxc3 Nf6 8. g3 d6 9. Bg2 Be6 10. O-O O-O 11. Rb1 Na5
12. Bh6 Re8 13. Ne3 Rc8 14. Bxb7 Nxb7 15. Rxb7 Bxc4 16. Rxa7
Qb6 17. Ra4 Be6 18. Qd3 Ra8 19. Rxa8 Rxa8 20. Rb1 Qc7 21. c4
Rxa2 22. Qc3 Ra8 23. h4 Qc6 24. f3 Rc8 25. Kf2 Ne8 26. Qd4 f6
27. h5 Qc5 28. Qe4 Kf7 29. hxg6+ hxg6 30. Rh1 Bxc4 31. Bf8
Kxf8 32. Qxg6 Bg8 33. Rh5 Qa7 34. Qh6+ Ng7 35. Rh4 Rc3 36. Rg4
Qxe3+ 37. Qxe3 Rxe3 38. Kxe3 Nf5+ 39. Kf2 d5 40. Ra4 Nd6
41. e3 Be6 42. g4 Nc4 43. Ke2 Kf7 44. Rb4 Nd6 45. Kd3 Nc4
46. Ke2 Ne5 47. e4 dxe4 48. fxe4 Bxg4+ 49. Ke3 Bh5 50. Rb5 Bg6
51. Rc5 Bh5 52. Rb5 Bg4 53. Rc5 Bd7 54. Rd5 Bc6 55. Rc5 Ke6
56. Rc1 Bd7 57. Ra1 Kf7 58. Rc1 Ng4+ 59. Kf4 Be6 60. Rc5 Ne5
61. Ke3 Kf8 62. Rc1 Ke8 63. Rc5 Bf7 64. Rc8+ Kd7 65. Rc1 Bg6
66. Rd1+ Ke6 67. Rg1 Kf7 68. Rc1 Nd7 69. Rc6 Nf8 0-1

[Event "Tradewise Gibraltar"]
[Site "Catalan Bay GIB"]
[Date "2014.01.28"]
[EventDate "2014.01.28"]
[Round "1.2"]
[Result "1-0"]
[White "Maxime Vachier-Lagrave"]
[Black "Peter Lombaers"]
[WhiteElo "2745"]
[BlackElo "2255"]
[PlyCount "75"]

1. e4 e5 2. Nf3 Nc6 3. Bb5 a6 4. Ba4 Nf6 5. O-O Be7 6. Re1 b5
7. Bb3 d6 8. c3 O-O 9. h3 Na5 10. Bc2 c5 11. d4 Qc7 12. Nbd2
Nc6 13. d5 Nd8 14. a4 Rb8 15. axb5 axb5 16. b4 Bd7 17. Nf1 Ne8
18. Ne3 g6 19. bxc5 Qxc5 20. Qd2 Qc7 21. Ba3 f6 22. Bb4 Ng7
23. Ra6 Nf7 24. Rea1 f5 25. Qe2 Rfc8 26. exf5 gxf5 27. g4 Qd8
28. gxf5 Ra8 29. f6 Bxf6 30. Qd3 e4 31. Qxe4 Rxa6 32. Rxa6 h5
33. Qh7+ Kf8 34. Rxd6 Nxd6 35. Bxd6+ Be7 36. Qh8+ Kf7 37. Ne5+
Kf6 38. Qh6# 1-0

[Event "Bundesliga 2013/14"]
[Site "Muelheim GER"]
[Date "2014.02.08"]
[EventDate "2013.10.12"]
[Round "7"]
[Result "0-1"]
[White "Luke McShane"]
[Black "Maxime Vachier-Lagrave"]
[WhiteElo "2697"]
[BlackElo "2742"]
[PlyCount "92"]

1. e4 c5 2. Nf3 d6 3. g3 g6 4. Bg2 Bg7 5. d4 cxd4 6. Nxd4 Qb6
7. c3 Nc6 8. Nc2 Qa6 9. Nba3 Nf6 10. Qe2 Qxe2+ 11. Kxe2 O-O
12. Ne3 Rb8 13. Nac2 b5 14. Bd2 Ba6 15. b3 Nd7 16. Rac1 Bxc3
17. Bxc3 b4+ 18. Kd2 bxc3+ 19. Kxc3 Rfc8 20. Kd2 Nc5 21. f3 e6
22. Rhd1 f5 23. exf5 gxf5 24. Bf1 Bxf1 25. Rxf1 a5 26. Rb1 d5
27. Rfc1 Kf7 28. Ne1 Nb4 29. Rb2 Ke7 30. N3c2 Nc6 31. Ne3 Kd6
32. Rcb1 h5 33. Ke2 h4 34. Kf2 hxg3+ 35. hxg3 Rh8 36. Rd2 a4
37. Rbd1 axb3 38. Nxd5 exd5 39. Rxd5+ Kc7 40. Rxc5 bxa2
41. Rdc1 Rh6 42. Ra1 Rh2+ 43. Ke3 Rb1 44. Rc1 Rxa1 45. Rxa1
Na5 46. Rc1+ Kb6 0-1

[Event "French Team Championship"]
[Site "Saint-Quentin FRA"]
[Date "2014.05.27"]
[EventDate "2014.05.24"]
[Round "4.1"]
[Result "1-0"]
[White "Maxime Vachier-Lagrave"]
[Black "Anatoli Vaisser"]
[WhiteElo "2758"]
[BlackElo "2531"]
[PlyCount "43"]

1. Nf3 f5 2. d3 d6 3. e4 e5 4. Nc3 Nc6 5. exf5 Bxf5 6. d4 exd4
7. Nxd4 Nxd4 8. Qxd4 Nf6 9. Bc4 c6 10. Bg5 h6 11. Bh4 d5
12. O-O-O Be7 13. Rhe1 O-O 14. Qe5 Bg4 15. f3 Bd6 16. Nxd5
cxd5 17. Rxd5 Bxe5 18. Rxd8+ Kh7 19. Bd3+ g6 20.Rxa8 Bf4+
21.Kb1 Rxa8 22.Bxf6 1-0